[Event "Montilla"]
[Site "Montilla"]
[Date "1977.??.??"]
[Round "6"]
[White "Calvo Minguez, Ricardo"]
[Black "Byrne, Robert"]
[Result "1-0"]
[WhiteElo "2465"]
[BlackElo "2580"]
[Annotator "Byrne,R y Mednis"]
[PlyCount "87"]
[EventDate "1977.08.??"]

{Inf 24/21} 1. Nf3 Nf6 2. c4 g6 3. b3 Bg7 4. Bb2 O-O 5. g3 c6 6. Bg2 d5 7. O-O
Bf5 8. d3 $5 Na6 (8... a5 $5 9. Nc3 Na6 10. Rc1 Bh6 $1 $11) 9. Nbd2 Re8 10. a3
Qd6 11. b4 e5 12. c5 Qc7 13. Qc2 $1 $14 e4 (13... Rad8 14. e4 $1 Bc8 (14...
dxe4 $6 15. dxe4 Bc8 16. Nc4 {/\ Nd6+/-}) 15. Rfe1 $16) 14. Nd4 exd3 15. exd3
Bd7 $6 (15... Qd7 $5 {/\ Nc7+/=}) 16. N2b3 Re7 17. Bc1 $1 $16 {[/\ Bf4]} Nh5 $8
18. Bg5 f6 $6 (18... Ree8) 19. Bd2 Rae8 20. a4 $1 Qc8 21. b5 Nc7 22. Rae1 $1
Ne6 23. Nxe6 Bxe6 24. Nd4 Bd7 25. Rxe7 Rxe7 26. a5 $1 f5 (26... a6 27. bxa6
bxa6 28. Rb1 {/\ Rb6, Qb3+-}) 27. Bc3 cxb5 28. Bxd5+ Kh8 29. a6 $1 bxa6 (29...
Qxc5 30. axb7 Re8 31. Re1 $1 Rb8 32. Nc6 $1 Qxc3 33. Qxc3 Bxc3 34. Nxb8 Bxe1
35. Nxd7 $18) 30. c6 Be8 31. Qb3 $1 Nf6 32. Be6 Qd8 33. Rc1 Qb6 34. Bb4 Rc7 35.
Bc5 $18 Rxc6 (35... Qa5 36. Bd6) 36. Nxc6 $1 (36. Bxb6 Rxc1+ 37. Kg2 axb6 38.
Qa3 $16) 36... Qxc6 37. d4 Ne4 38. d5 Qb7 (38... Nxc5 39. dxc6 Nxb3 40. c7) 39.
Be3 Bd7 40. Qb4 Bxe6 41. dxe6 Kg8 42. Rd1 Bf6 43. Rd7 Qc6 44. Rf7 (44. Rf7 Bg7
(44... Qe8 45. Bh6) 45. Qe7) 1-0

[Event "Montilla"]
[Site "Montilla"]
[Date "1977.??.??"]
[Round "2"]
[White "Calvo Minguez, Ricardo"]
[Black "Gligoric, Svetozar"]
[Result "0-1"]
[WhiteElo "2465"]
[BlackElo "2565"]
[Annotator "Byrne,R y Mednis"]
[PlyCount "48"]
[EventDate "1977.08.??"]

{Inf 24/238} 1. e4 e5 2. f4 exf4 3. Nf3 d6 4. d4 g5 5. Bc4 (5. h4 $5) 5... g4
$1 (5... Bg7 $11) (5... h6 $11) 6. O-O $6 (6. Bxf4 $5 gxf3 7. Qxf3 $13) 6...
gxf3 7. Qxf3 Qf6 $1 $15 8. e5 dxe5 9. dxe5 Qxe5 10. Bxf7+ $2 (10. Bxf4 $2 Qd4+
{/\ Qc4-+}) (10. Qb3 $5) 10... Kxf7 11. Bxf4 Qf5 $1 $17 12. Nd2 $6 (12. Qc3 $5
Bc5+ 13. Be3 Bxe3+ 14. Qxe3 Qxf1+ 15. Kxf1 Nf6 16. Qb3+ Be6 17. Qxb7 Nbd7 $17)
12... Nf6 13. Rae1 Bc5+ 14. Kh1 Re8 $1 15. Rxe8 Kxe8 $19 16. Qc3 Nc6 $1 17.
Bxc7 (17. Be3 Qe5 $1 18. Qxe5+ Nxe5) 17... Bd4 18. Qg3 Qg4 19. Qe1+ Be6 20. h3
Qg8 21. c3 Kd7 $1 22. cxd4 Bd5 23. Qe2 (23. Bg3 Nh5 24. Kh2 Qxg3+ 25. Qxg3 Nxg3
26. Kxg3 Rg8+) 23... Re8 24. Be5 Nxd4 0-1

[Event "Montilla"]
[Site "Montilla"]
[Date "1977.??.??"]
[Round "1"]
[White "Martin Gonzalez, Angel"]
[Black "Taimanov, Mark E"]
[Result "0-1"]
[WhiteElo "2340"]
[BlackElo "2530"]
[Annotator "Taimanov,M"]
[PlyCount "44"]
[EventDate "1977.08.??"]

{Inf 24/347} 1. e4 c5 2. Nf3 Nc6 3. d4 cxd4 4. Nxd4 e6 5. Nc3 a6 6. Be2 Nge7 7.
Be3 Nxd4 8. Qxd4 b5 (8... Nc6 $6 9. Qb6 $1) 9. f4 Nc6 10. Qd2 (10. Qb6 Qxb6 11.
Bxb6 d6 $11) 10... Be7 11. O-O-O $2 (11. O-O) 11... Qa5 $1 $17 12. e5 (12. Kb1
$2 b4 13. Nd5 exd5 14. exd5 b3 $1 $19) (12. a3 b4 {->}) 12... b4 13. Ne4 Qxa2
14. Nd6+ Bxd6 15. Qxd6 Qa1+ 16. Kd2 Qxb2 17. Bc5 $6 (17. Ke1 f5 $5 18. Bh5+ g6
19. Bf3 Qc3+ 20. Kf2 Kf7 21. Bc5 Re8 22. Bxb4 Qxc2+ 23. Rd2) 17... Qc3+ 18. Kc1
b3 19. Bd3 Rb8 20. Rhe1 Rb5 $1 21. Ba3 Nb4 22. Re2 b2+ 0-1

[Event "Montilla"]
[Site "Montilla"]
[Date "1977.??.??"]
[Round "5"]
[White "Gligoric, Svetozar"]
[Black "Garcia Padron, Jose"]
[Result "1-0"]
[WhiteElo "2565"]
[BlackElo "2425"]
[Annotator "Byrne,R y Mednis"]
[PlyCount "71"]
[EventDate "1977.08.??"]

{Inf 24/517} 1. d4 d5 2. c4 e6 3. Nf3 c5 4. cxd5 exd5 5. g3 Nc6 6. Bg2 Nf6 7.
O-O Be7 8. Nc3 O-O 9. dxc5 Bxc5 10. Na4 Be7 11. Be3 Re8 12. Rc1 Bg4 13. h3 Bxf3
$1 14. Bxf3 Qd7 15. Bg2 d4 16. Bg5 (16. Bxc6 bxc6 17. Bxd4 Qxh3 18. Bxf6 Bxf6
19. Rxc6 Re5 20. Rc5 Rxc5 21. Nxc5 Bxb2 $11) 16... Ne4 17. Bxe7 Qxe7 $11 18.
Qd3 {N} (18. a3 Rad8 19. Rc2 Rd6 $11) 18... Rad8 19. Rfd1 (19. Bxe4 $5) 19...
f5 $1 20. Qb5 $2 (20. a3 {/\ Rc2=}) 20... Qf7 $2 (20... f4 $1 21. gxf4 (21.
Bxe4 $6 Qxe4 22. Qxb7 fxg3 $1 23. Qxc6 gxf2+ 24. Kxf2 Rf8+ 25. Kg1 Qe3+ 26. Kh1
Qxh3+ 27. Kg1 Rf4 $19) 21... Nxf2 $1 22. Qb3+ Kh8 23. Kxf2 Qxe2+ 24. Kg1 d3 $1
{/\ d2, Re3-g3-/+}) 21. Nc5 $16 Re7 $6 (21... Nxc5 22. Rxc5 a6 23. Qb6 $16) 22.
Nxb7 Rxb7 23. Qxc6 Rxb2 24. Rxd4 $1 $18 Rxd4 25. Qa8+ Qf8 26. Rc8 Qxc8 27.
Qxc8+ Kf7 28. Qxf5+ Nf6 29. Qc5 Rd7 30. Bf3 h6 31. e4 Rdd2 32. e5 Nd7 33. e6+
$1 Kxe6 34. Bg4+ Kf6 35. Bxd7 Rxd7 (35... Rb1+ 36. Kg2 Rxd7 37. Qc6+ Ke7 38.
Qe4+) 36. Qc3+ 1-0

[Event "Montilla"]
[Site "Montilla"]
[Date "1977.??.??"]
[Round "6"]
[White "Garcia Padron, Jose"]
[Black "Taimanov, Mark E"]
[Result "0-1"]
[WhiteElo "2435"]
[BlackElo "2530"]
[Annotator "Taimanov,M"]
[PlyCount "68"]
[EventDate "1977.08.??"]

{Inf 24/54} 1. c4 e5 2. Nc3 Nc6 3. g3 g6 4. Bg2 Bg7 5. e4 d6 6. Nge2 Be6 $5 7.
d3 Qd7 8. Be3 (8. Nd5 $5 Nd8 9. d4 $16) 8... Nge7 9. Qd2 Bh3 10. Bxh3 $6 (10.
O-O Bxg2 11. Kxg2 $11) 10... Qxh3 11. Nd5 (11. O-O-O $5 $13) 11... Nxd5 12.
cxd5 Nd8 $1 (12... Ne7 $2 13. Qb4 $1 $36) 13. Qa5 c6 14. Qc7 cxd5 $5 (14... Qd7
15. Qxd7+ Kxd7 16. Nc3 $14) 15. Qxd6 d4 16. Bg5 Qe6 17. Qb4 (17. Qxe6+ Nxe6 18.
Bd2 Rc8 $15 19. Rc1 $140 $2 Nc5) 17... f6 18. Bd2 a5 $1 19. Qb5+ Qd7 20. a4 (
20. Qxd7+ Kxd7 $15) 20... Qxb5 21. axb5 Ne6 $1 (21... b6 22. Ra4 {/\ b4}) 22.
Rxa5 Rxa5 23. Bxa5 Kd7 24. O-O $6 (24. f4 Rc8 25. Kd1) 24... Rc8 $1 $17 25. f4
(25. Rc1 Nc5 26. Rd1 Nb3 $1) 25... Rc2 26. f5 gxf5 27. exf5 Rxe2 $1 (27... Nc5
28. Rc1 $1) 28. fxe6+ Kxe6 29. Rf2 Re3 30. Rd2 Re1+ $1 31. Kf2 Rc1 32. b6 f5
33. Re2 Kd5 34. Kf3 h5 0-1

[Event "Montilla"]
[Site "Montilla"]
[Date "1977.??.??"]
[Round "3"]
[White "Gligoric, Svetozar"]
[Black "Taimanov, Mark E"]
[Result "1-0"]
[WhiteElo "2565"]
[BlackElo "2530"]
[Annotator "Taimanov,M"]
[PlyCount "99"]
[EventDate "1977.08.??"]

{Inf 24/597} 1. d4 Nf6 2. c4 e6 3. Nc3 Bb4 4. e3 O-O 5. Bd3 d5 6. Nf3 c5 7. O-O
dxc4 8. Bxc4 Bd7 9. Qe2 Bc6 10. Rd1 Qe7 11. a3 (11. Bd2 Bxf3 $1 12. Qxf3 Nc6
$11) (11. Ne5 Rd8 12. a3 Ba5 $5 $11) 11... Bxc3 $6 (11... Ba5 $5 12. Bd2 Bxf3
13. Qxf3 Nc6) 12. bxc3 Nbd7 13. a4 $1 {N} (13. Bb2 Nb6 $11) 13... Rfc8 14. Bb3
Qe8 $5 (14... c4 15. Bc2 $1 Be4 16. Ne1 {/\ f3+/- [+]}) 15. c4 cxd4 16. exd4
Nb6 17. a5 Ba4 $2 (17... Bxf3 $5 18. gxf3 Nbd7 {/\ g6, Nh5-g7-f5<=>}) 18. Bxa4
Nxa4 19. Bd2 b6 20. Rdb1 $1 $16 bxa5 21. c5 $1 Nd5 22. Qd3 {[/\ Qb3]} Rab8 23.
Rxb8 Rxb8 24. Qc2 Nab6 (24... Nb2 25. Rb1 $18) 25. cxb6 axb6 26. Ng5 g6 27. Qe4
Rc8 28. Qh4 h5 29. Qe4 $6 (29. g4 $1 $18 {->}) 29... a4 $1 30. h3 b5 31. g4
hxg4 32. hxg4 Rc4 $6 (32... b4 $5 33. Qh1 b3 $1 $13) 33. Qh1 Nf6 34. Ne4 $1
Nxe4 35. Qxe4 $18 Qd7 (35... e5 36. Qxe5 Qxe5 37. dxe5 Rxg4+ 38. Kf1 Re4 39.
Bc3 b4 $2 40. Rxa4) 36. Be3 e5 37. Qxe5 Qxg4+ 38. Kh2 Qh4+ 39. Kg2 Qg4+ 40. Qg3
Qd7 41. Qf3 Kg7 (41... b4 42. Qa8+) 42. Rh1 b4 43. Bh6+ Kg8 44. Bg5 $1 f5 45.
Qf4 (45. Bf6 $2 Qc6 $13) 45... Qe6 46. Kg3 Rc3+ 47. f3 Kf7 48. Rh7+ Kg8 49. Re7
Qa6 50. Qb8+ 1-0

[Event "Montilla"]
[Site "Montilla"]
[Date "1977.??.??"]
[Round "1"]
[White "Visier Segovia, Fernando"]
[Black "Garcia Padron, Jose"]
[Result "0-1"]
[WhiteElo "2355"]
[BlackElo "2425"]
[PlyCount "97"]
[EventDate "1977.08.??"]

1. d4 d5 2. c4 e6 3. Nc3 c5 4. cxd5 exd5 5. Nf3 Nc6 6. g3 Nf6 7. Bg2 Be7 8. O-O
O-O 9. Be3 Bg4 10. h3 Bh5 11. g4 cxd4 12. Nxd4 Bg6 13. Nxc6 bxc6 14. Qa4 Qd7
15. Rfd1 Qe6 16. Rac1 Rfc8 17. Bf4 h5 18. g5 Ne4 19. Nxe4 Bxe4 20. Bxe4 dxe4
21. Qb3 Qf5 22. Qg3 c5 23. b3 Rc6 24. h4 Rg6 25. Kh1 Rf8 26. Bd6 Bxd6 27. Rxd6
Rxd6 28. Qxd6 Qxf2 29. Qh2 Qf5 30. Qg2 Rd8 31. Rf1 Qe6 32. Rf4 Rd1+ 33. Kh2 Rd4
34. e3 Qe5 35. Kh3 Rd3 36. Rxe4 Rxe3+ 37. Rxe3 Qxe3+ 38. Kh2 Qf4+ 39. Kh3 g6
40. Qa8+ Kg7 41. Qg2 Qe5 42. Qd2 Kh7 43. Qg2 Qe3+ 44. Kh2 a5 45. Qd5 Qf2+ 46.
Kh3 Qf5+ 47. Qxf5 gxf5 48. Kg3 Kg6 49. Kf3 0-1

[Event "Montilla"]
[Site "Montilla"]
[Date "1977.??.??"]
[Round "2"]
[White "Byrne, Robert"]
[Black "Martin Gonzalez, Angel"]
[Result "1-0"]
[WhiteElo "2580"]
[BlackElo "2340"]
[PlyCount "81"]
[EventDate "1977.08.??"]

1. e4 c5 2. Nf3 d6 3. d4 cxd4 4. Nxd4 Nf6 5. Nc3 g6 6. Be2 Bg7 7. O-O Nc6 8.
Nb3 O-O 9. Bg5 Be6 10. Kh1 Na5 11. Nd5 Bxd5 12. exd5 Ne4 13. Bc1 Rc8 14. c3 Nc4
15. Bxc4 Rxc4 16. Qe2 Qc7 17. Be3 b5 18. Rad1 Ra4 19. Nc1 Qb7 20. f3 Nf6 21. b3
Rh4 22. Qf2 Rh5 23. c4 Rf5 24. Qd2 h5 25. Ne2 bxc4 26. bxc4 Nd7 27. Ng3 Re5 28.
f4 Rxe3 29. Qxe3 Nb6 30. Rfe1 h4 31. Nf1 Bf6 32. Qe2 h3 33. Ne3 Na4 34. Rc1
hxg2+ 35. Qxg2 Nc5 36. Rcd1 Kg7 37. Rb1 Qc8 38. Rf1 Bd4 39. Rf3 Nd3 40. Qd2
Bxe3 41. Rxe3 1-0

[Event "Montilla"]
[Site "Montilla"]
[Date "1977.??.??"]
[Round "2"]
[White "Stean, Michael"]
[Black "Visier Segovia, Fernando"]
[Result "1-0"]
[WhiteElo "2485"]
[BlackElo "2355"]
[PlyCount "75"]
[EventDate "1977.08.??"]

1. c4 g6 2. d4 Bg7 3. Nc3 Nf6 4. Bg5 d6 5. e3 Nbd7 6. Nf3 h6 7. Bh4 c6 8. Qc2
O-O 9. Rd1 a6 10. Be2 Re8 11. O-O Qc7 12. b4 e5 13. dxe5 dxe5 14. Nd2 Nf8 15.
Bxf6 Bxf6 16. c5 Bf5 17. Nde4 Be7 18. Bc4 Red8 19. Qb3 Be6 20. Bxe6 Nxe6 21.
Na4 Rxd1 22. Rxd1 Rd8 23. Nb6 a5 24. a3 axb4 25. axb4 Rxd1+ 26. Qxd1 Qd8 27.
Qb3 Nc7 28. g3 Kg7 29. Kg2 f5 30. Nc3 Qd3 31. Qc4 Qxc4 32. Nxc4 e4 33. Na5 Na6
34. Na2 Kf6 35. Nxb7 Ke6 36. Na5 Kd5 37. Nc3+ Ke6 38. Nxc6 1-0

[Event "Montilla"]
[Site "Montilla"]
[Date "1977.??.??"]
[Round "3"]
[White "Martin Gonzalez, Angel"]
[Black "Garcia Padron, Jose"]
[Result "1-0"]
[WhiteElo "2340"]
[BlackElo "2425"]
[PlyCount "67"]
[EventDate "1977.08.??"]

1. e4 c5 2. Nf3 e6 3. d4 cxd4 4. Nxd4 Nf6 5. Nc3 d6 6. Be2 a6 7. f4 Nbd7 8. Bf3
Be7 9. O-O O-O 10. g4 Nb6 11. g5 Nfd7 12. Bg2 Re8 13. Qg4 Bf8 14. f5 Ne5 15.
Qg3 Nbc4 16. Kh1 b5 17. Nce2 Ra7 18. b3 Na5 19. Be3 Rae7 20. Nf4 g6 21. Qh3
Nac6 22. f6 Rb7 23. Nfe2 Bd7 24. Rf4 Nxd4 25. Nxd4 Nc6 26. Nxc6 Bxc6 27. Rh4 h5
28. Bf3 e5 29. Bxh5 gxh5 30. Qf3 Qd7 31. Qxh5 Bxe4+ 32. Kg1 Bg7 33. fxg7 f5 34.
Qh7+ 1-0

[Event "Montilla"]
[Site "Montilla"]
[Date "1977.??.??"]
[Round "3"]
[White "Visier Segovia, Fernando"]
[Black "Calvo Minguez, Ricardo"]
[Result "1-0"]
[WhiteElo "2355"]
[BlackElo "2465"]
[PlyCount "95"]
[EventDate "1977.08.??"]

1. c4 e5 2. g3 Nc6 3. Bg2 g6 4. Nc3 Bg7 5. e3 d6 6. Nge2 Nh6 7. b3 O-O 8. Bb2
Re8 9. O-O Bf5 10. Nd5 Qd7 11. f4 Bh3 12. Bxh3 Qxh3 13. Nec3 Ng4 14. Qe2 Nd4
15. Qg2 Qxg2+ 16. Kxg2 Ne6 17. h3 Nh6 18. Ne4 Red8 19. Ndf6+ Kh8 20. fxe5 dxe5
21. Bxe5 Rd3 22. Rac1 Rad8 23. Rc3 Ng8 24. Rxd3 Rxd3 25. Rf2 a5 26. Kf1 Nxf6
27. Nxf6 a4 28. Ke2 Rd8 29. b4 Ng5 30. h4 Ne6 31. h5 gxh5 32. Rf5 h6 33. Nxh5
Bxe5 34. Rxe5 b6 35. d4 c5 36. dxc5 bxc5 37. b5 Rg8 38. Nf4 Rxg3 39. Nxe6 fxe6
40. Rxc5 Rg2+ 41. Kd3 Rb2 42. Kc3 a3 43. Rc8+ Kg7 44. Ra8 Rxa2 45. b6 Rb2 46.
c5 Rb1 47. Rxa3 Rc1+ 48. Kb4 1-0

[Event "Montilla"]
[Site "Montilla"]
[Date "1977.??.??"]
[Round "4"]
[White "Byrne, Robert"]
[Black "Gligoric, Svetozar"]
[Result "1/2-1/2"]
[WhiteElo "2580"]
[BlackElo "2565"]
[PlyCount "40"]
[EventDate "1977.08.??"]

1. e4 d6 2. d4 Nf6 3. Nc3 g6 4. f4 Bg7 5. Nf3 O-O 6. Be3 c6 7. Bd3 Nbd7 8. h3
Qa5 9. O-O e5 10. Qd2 exd4 11. Nxd4 Qc7 12. Rae1 a6 13. Nf3 b5 14. f5 b4 15.
Nd1 c5 16. c4 Bb7 17. Bh6 Rae8 18. Nf2 Ne5 19. Nxe5 dxe5 20. Ng4 Nxg4 1/2-1/2

[Event "Montilla"]
[Site "Montilla"]
[Date "1977.??.??"]
[Round "4"]
[White "Stean, Michael"]
[Black "Martin Gonzalez, Angel"]
[Result "1-0"]
[WhiteElo "2485"]
[BlackElo "2340"]
[PlyCount "83"]
[EventDate "1977.08.??"]

1. Nf3 g6 2. e4 c5 3. c4 Bg7 4. d4 cxd4 5. Nxd4 Nc6 6. Be3 Nf6 7. Nc3 O-O 8.
Be2 b6 9. O-O Bb7 10. Nc2 Rc8 11. f3 d6 12. Qd2 Qd7 13. Rad1 Rfd8 14. b3 Ne8
15. Bg5 f6 16. Bh4 e6 17. f4 Ne7 18. Qe3 Rc7 19. Nd4 Ra8 20. Ncb5 Rc5 21. Bg4
f5 22. Bxe7 fxg4 23. Bh4 Nf6 24. Nc3 Rac8 25. Ndb5 Ne8 26. Nxa7 Ra8 27. Nab5 d5
28. a4 Rac8 29. exd5 exd5 30. Qe7 Qxe7 31. Bxe7 dxc4 32. Bxc5 Rxc5 33. Rfe1 Rc8
34. bxc4 Kf8 35. Nd5 Rc6 36. Nb4 Rc8 37. Rd7 Ba8 38. Nd5 Rxc4 39. Rd8 Bc6 40.
Rexe8+ Bxe8 41. Rxe8+ Kxe8 42. Nd6+ 1-0

[Event "Montilla"]
[Site "Montilla"]
[Date "1977.??.??"]
[Round "5"]
[White "Kavalek, Lubomir"]
[Black "Stean, Michael"]
[Result "1/2-1/2"]
[WhiteElo "2545"]
[BlackElo "2485"]
[PlyCount "60"]
[EventDate "1977.08.??"]

1. g3 g6 2. Bg2 Bg7 3. Nf3 e5 4. O-O Nc6 5. e4 d6 6. c3 Nh6 7. d4 f6 8. Qb3 Nf7
9. Na3 O-O 10. Be3 Qe7 11. Rfe1 Ncd8 12. Rad1 Ne6 13. Nc4 Re8 14. Bc1 Nf8 15.
Ne3 c6 16. h4 Qc7 17. h5 Be6 18. Qc2 Rad8 19. d5 Bd7 20. hxg6 hxg6 21. Nh4 Bh6
22. Kh2 c5 23. Rh1 Kg7 24. Bh3 Bxh3 25. Kxh3 Bxe3 26. Bxe3 Nh7 27. Kg2 Rh8 28.
f4 Nf8 29. Rh3 Qd7 30. Qe2 exf4 1/2-1/2

[Event "Montilla"]
[Site "Montilla"]
[Date "1977.??.??"]
[Round "5"]
[White "Martin Gonzalez, Angel"]
[Black "Visier Segovia, Fernando"]
[Result "0-1"]
[WhiteElo "2340"]
[BlackElo "2355"]
[PlyCount "64"]
[EventDate "1977.08.??"]

1. e4 e5 2. Nf3 Nc6 3. Bb5 Nf6 4. O-O Bc5 5. c3 O-O 6. d4 Bb6 7. Bg5 h6 8. Bh4
d6 9. a4 a5 10. Bxc6 bxc6 11. dxe5 dxe5 12. Nbd2 Bg4 13. Nc4 Qxd1 14. Rfxd1 g5
15. Bg3 Nxe4 16. Ncxe5 f5 17. Nxg4 fxg4 18. Nd4 h5 19. Nxc6 h4 20. Be5 Bxf2+
21. Kh1 Rf7 22. Bd4 Re8 23. Rf1 g3 24. Nxa5 c5 25. Bxf2 gxf2 26. g3 Nd2 27.
gxh4 gxh4 28. Kg2 h3+ 29. Kxh3 Nxf1 30. Rxf1 Re6 31. Nc4 Rg6 32. Ne3 Rh7# 0-1

[Event "Montilla"]
[Site "Montilla"]
[Date "1977.??.??"]
[Round "5"]
[White "Taimanov, Mark E"]
[Black "Byrne, Robert"]
[Result "1/2-1/2"]
[WhiteElo "2530"]
[BlackElo "2580"]
[PlyCount "30"]
[EventDate "1977.08.??"]

1. c4 g6 2. g3 Bg7 3. Bg2 c5 4. Nc3 Nc6 5. d3 e6 6. Nh3 Nge7 7. Nf4 d6 8. O-O
O-O 9. Bd2 b6 10. a3 Bb7 11. b4 Qd7 12. Rb1 Rad8 13. Re1 h6 14. Nb5 Kh7 15. Qc1
Ba8 1/2-1/2

[Event "Montilla"]
[Site "Montilla"]
[Date "1977.??.??"]
[Round "7"]
[White "Byrne, Robert"]
[Black "Garcia Padron, Jose"]
[Result "1/2-1/2"]
[WhiteElo "2580"]
[BlackElo "2425"]
[PlyCount "69"]
[EventDate "1977.08.??"]

1. e4 c5 2. Nf3 d6 3. d4 cxd4 4. Nxd4 Nf6 5. Nc3 a6 6. f4 e6 7. Be2 Qc7 8. Bf3
Be7 9. O-O O-O 10. Kh1 Rd8 11. Qe1 Nc6 12. Nxc6 bxc6 13. b3 d5 14. e5 Nd7 15.
Bb2 Rb8 16. Rd1 Nb6 17. Ba1 Bf8 18. Qh4 Bb7 19. Ne2 a5 20. Bg4 g6 21. Bc3 Ra8
22. Rd3 Be7 23. Qh3 Ba6 24. Rg3 Bf8 25. Re1 Bxe2 26. Bxe2 Bg7 27. Qh4 d4 28.
Bd2 Nd5 29. Rh3 h6 30. a4 Ne7 31. Bd3 Nf5 32. Qf2 h5 33. Rf3 Bf8 34. h3 Be7 35.
Bxf5 1/2-1/2

[Event "Montilla"]
[Site "Montilla"]
[Date "1977.??.??"]
[Round "7"]
[White "Martin Gonzalez, Angel"]
[Black "Calvo Minguez, Ricardo"]
[Result "1-0"]
[WhiteElo "2340"]
[BlackElo "2465"]
[PlyCount "79"]
[EventDate "1977.08.??"]

1. e4 c5 2. Nf3 Nc6 3. d4 cxd4 4. Nxd4 Nf6 5. Nc3 d6 6. f4 Bd7 7. Be3 Ng4 8.
Bg1 Nxd4 9. Qxd4 e5 10. fxe5 dxe5 11. Qd3 Bb4 12. O-O-O Bxc3 13. Qxc3 O-O 14.
Kb1 Rc8 15. Qg3 Qc7 16. Rc1 Be6 17. Bd3 Nf6 18. Be3 Kh8 19. Rhf1 Nd7 20. Qh4
Qa5 21. b3 b5 22. Rcd1 Rfe8 23. g4 Rc6 24. Bd2 Qb6 25. Rf3 a5 26. Rdf1 Kg8 27.
Qh5 Re7 28. Qh4 f6 29. g5 Bf7 30. Qg4 Bc4 31. gxf6 Nxf6 32. Rxf6 Rxf6 33. Rxf6
Qxf6 34. bxc4 b4 35. Qc8+ Kf7 36. c5 Qf3 37. Bg5 Re8 38. Bc4+ Kf8 39. Qd7 h6
40. Qd6+ 1-0

[Event "Montilla"]
[Site "Montilla"]
[Date "1977.??.??"]
[Round "8"]
[White "Calvo Minguez, Ricardo"]
[Black "Garcia Padron, Jose"]
[Result "1-0"]
[WhiteElo "2465"]
[BlackElo "2425"]
[PlyCount "87"]
[EventDate "1977.08.??"]

1. Nf3 Nf6 2. b3 d5 3. Bb2 Bg4 4. e3 e6 5. h3 Bxf3 6. Qxf3 Be7 7. d4 O-O 8. Bd3
a5 9. a3 Nbd7 10. O-O c5 11. Nd2 Qc8 12. Bb5 a4 13. c4 cxd4 14. exd4 dxc4 15.
bxc4 Rd8 16. Rad1 Qc7 17. Rfe1 Nb8 18. Nf1 Nbd7 19. Ne3 Bf8 20. d5 exd5 21.
Bxd7 Nxd7 22. Nf5 Qb6 23. Bd4 Qg6 24. cxd5 Nf6 25. d6 Kh8 26. Bb6 Rd7 27. Bc7
Re8 28. Rxe8 Nxe8 29. Re1 Nf6 30. Re5 Qg5 31. Qc3 h6 32. Ne3 Qg6 33. Nc4 Ne4
34. Rxe4 Qxe4 35. Ne5 Qb1+ 36. Kh2 Qf5 37. Nxd7 Qxd7 38. Qd4 b5 39. Qc5 Kg8 40.
Bb8 Qe6 41. g3 Qc4 42. Qa7 Qd5 43. d7 Bc5 44. Bd6 1-0

[Event "Montilla"]
[Site "Montilla"]
[Date "1977.??.??"]
[Round "8"]
[White "Visier Segovia, Fernando"]
[Black "Taimanov, Mark E"]
[Result "1/2-1/2"]
[WhiteElo "2355"]
[BlackElo "2530"]
[PlyCount "40"]
[EventDate "1977.08.??"]

1. d4 Nf6 2. c4 c5 3. d5 e6 4. Nc3 exd5 5. cxd5 d6 6. e4 g6 7. Nf3 Bg7 8. Bg5
h6 9. Bh4 g5 10. Bg3 Nh5 11. Bb5+ Kf8 12. e5 Nxg3 13. fxg3 a6 14. Bd3 c4 15.
Bxc4 Qb6 16. Qe2 g4 17. Nh4 Bxe5 18. Rf1 Ke8 19. O-O-O Qc7 20. Kb1 Nd7 1/2-1/2

[Event "Montilla"]
[Site "Montilla"]
[Date "1977.??.??"]
[Round "9"]
[White "Byrne, Robert"]
[Black "Visier Segovia, Fernando"]
[Result "1-0"]
[WhiteElo "2580"]
[BlackElo "2355"]
[PlyCount "107"]
[EventDate "1977.08.??"]

1. e4 c5 2. Nf3 Nc6 3. d4 cxd4 4. Nxd4 g6 5. c4 Bg7 6. Be3 Nf6 7. Nc3 O-O 8.
Be2 d6 9. O-O Nd7 10. Qd2 Nc5 11. Rad1 Qa5 12. f3 Be6 13. Nd5 Qxd2 14. Rxd2
Bxd5 15. cxd5 Nxd4 16. Bxd4 Bxd4+ 17. Rxd4 a5 18. f4 f6 19. Kf2 Rac8 20. Ke3
Na6 21. Rc4 Rxc4 22. Bxc4 Rc8 23. Kd4 Rc5 24. a3 b5 25. Bd3 Nc7 26. Rf2 e5+ 27.
dxe6 Nxe6+ 28. Ke3 Kf7 29. Rf1 Nc7 30. Kd2 Ke7 31. h4 d5 32. Re1 dxe4 33. Rxe4+
Kd6 34. g3 Ne6 35. b4 axb4 36. axb4 Rd5 37. Kc3 g5 38. fxg5 fxg5 39. Bc2 gxh4
40. Rxh4 Rg5 41. g4 Nf4 42. Bxh7 Nd5+ 43. Kd4 Nxb4 44. Rh6+ Ke7 45. Bf5 Rg8 46.
Ke5 Rd8 47. Rh7+ Kf8 48. g5 Nc6+ 49. Kf6 Kg8 50. g6 Rf8+ 51. Kg5 Nd4 52. Bg4
Rf2 53. Rd7 Rd2 54. Bf5 1-0

[Event "Montilla"]
[Site "Montilla"]
[Date "1977.??.??"]
[Round "9"]
[White "Garcia Padron, Jose"]
[Black "Stean, Michael"]
[Result "1/2-1/2"]
[WhiteElo "2425"]
[BlackElo "2485"]
[PlyCount "31"]
[EventDate "1977.08.??"]

1. c4 e6 2. d4 Nf6 3. Nf3 b6 4. Nc3 Bb4 5. e3 Bb7 6. Bd3 Ne4 7. Qc2 Bxc3+ 8.
bxc3 f5 9. O-O O-O 10. Nd2 Nxd2 11. Bxd2 Qh4 12. f3 Nc6 13. Rab1 d6 14. Be1 Qe7
15. e4 Qd7 16. Bg3 1/2-1/2